Представление документа в формате RUSMARC

ПолеНазваниеЗначение
  Тип записи i
  Библиографический уровень m
001 Контрольный номер a441922c587746368fae62c1d4207b5a
005 Дата корректировки 20230112125155.0
010 Индекс ISBN __
a ISBN 978-5-9677-2956-0
b Уточнения в кор.
d Цена 276-90
100 Данные общей обработки __
a Данные общей обработки 20221024d2020 cd y0rusy028902 ca
101 Язык документа 0_
a Язык текста rus
102 Страна публикации __
a Страна публикации RU
125 Кодированные данные звукозаписи и нотных изданий __
b Определитель литературного текста с
126 Кодированные данные (звукозаписи-физические характеристики) __
a Кодированные данные звукозаписи (общие) agbаhхх cd
127 Кодированные данные (звукозаписи-физические характеристики) __
a Продолжительность проигрывания 0230##
135 Кодированные данные (электронные ресурсы) __
a Кодированные данные (электронные ресурсы) aongannnauuuu
139 Кодированные данные (электронные ресурсы) __
a Кодированные данные (электронные ресурсы) сaz
181 Поле кодированных данных: вид содержания _0
a Код вида содержания (ISBD) h
182 Поле кодированных данных: тип средства _0
a Код типа средства (ISBD) a
200 Заглавие и сведения об ответственности 1_
a Заглавие Островитяне
e Сведения, относящиеся к заглавию [аудиокнига]
f Первые сведения об ответственности Тамара Михеева ; исполняют актеры: Дмитрий Рыбин, Татьяна Андреева и Сергей Кудинов ; генеральный продюсер Андрей Лобзов
203 Вид содержания и тип средства __
a Вид содержания Устная речь
c Тип средства аудио
210 Выходные данные 1_
a Место издания Москва
c Издательство 1С-Паблишинг
c Издательство КомпасГид
d Дата издания 2020
215 Физическое описание __
a Объем 1 электрон. опт. диск (CD-ROM) (02 ч 30 мин)
d Формат 12 см
c Иллюстрации/тип воспроизводства зв.
225 Серия 2_
a Серия Детям
225 Серия 2_
a Серия 1С: Аудиокниги
300 Общие примечания __
a Общие примечания Заглавие с этикетки диска
300 Общие примечания __
a Общие примечания Данные в формате MP3
330 Аннотация __
a Аннотация Повествование идет от лица двух героев - Лизы и Руслана. Они проводят лето в деревне, и им очень одиноко, ну прямо как островам, затерянным в океане. Конечно, у Руслана есть бабушка и целая библиотека книг, а Лиза окружена многочисленными родственниками, но все равно им очень и очень скучно. Лето они проводят в обычных каникулярных занятиях и не знают о существовании друг друга. Но вот однажды происходит их знакомство, и повороты сюжета становятся быстрыми и неожиданными. Следя за этой историей в их изложении, каждый юный слушатель наверняка узнает в них себя, в их размышлениях и переживаниях - свои мысли и чувства, ведь все подростки требовательны к миру и жаждут яркой, насыщенной жизни.
333 Примечание о целевом назначении __
a Примечание о целевом назначении 12+. Для детей старше 12 лет
337 Примечание о системных требованиях (электронные ресурсы) __
a Примечание о системных требованиях (электронные ресурсы) Системные требования: персональный компьютер ; MS Windows 95/98/2000/XP/Vista/7/8/10 ; Pentium 100 ; ОЗУ 16 Мб ; монитор SVGA, 800x600 ; устройство чтения CD/DVD-ROM ; звуковая карта ; колонки или наушники ; мышь ; аудиосистемы с поддержкой формата MP3
606 Тематические рубрики __
a Основная рубрика Художественная литература
2 Код системы nlr_sh
606 Тематические рубрики __
a Основная рубрика Современная русская литература (произведения)
2 Код системы nlr_sh
610 Ключевые слова 0_
a Ключевые слова детская литература
a Ключевые слова аудиокниги
610 Ключевые слова 0_
a Ключевые слова детские повести
610 Ключевые слова 0_
a Ключевые слова повести
610 Ключевые слова 0_
a Ключевые слова подростковая литература
610 Ключевые слова 0_
a Ключевые слова тема приключений
610 Ключевые слова 0_
a Ключевые слова тема дружбы
610 Ключевые слова 0_
a Ключевые слова тема каникул
610 Ключевые слова 0_
a Ключевые слова young adult
686 Индексы других классификаций __
2 Код системы rubbks
a Классификационный индекс 84(2=411.2)6-4я04; ст84(2=411.2)6-4я0
700 Автор _1
a Фамилия Михеева
b Имя Т. В.
g Полное личное имя Тамара Витальевна
f Даты 1979-
4 Код отношения 070
702 Вторичная интеллектуальная ответственность _1
a Фамилия Рыбин
b Имя Д.
g Полное личное имя Дмитрий
4 Код отношения 590
702 Вторичная интеллектуальная ответственность _1
a Фамилия Андреева
b Имя Т.
g Полное личное имя Татьяна
4 Код отношения 590
702 Вторичная интеллектуальная ответственность _1
a Фамилия Кудинов
b Имя С.
g Полное личное имя Сергей
4 Код отношения 590
702 Вторичная интеллектуальная ответственность _1
a Фамилия Лобзов
b Имя А.
g Полное личное имя Андрей
4 Код отношения 665
801 Источник записи _0
b Организация Муниципальное бюджетное учреждение культуры "Централизованная библиотечная система" г. Сургут (Центральная городская библиотека им. А. С. Пушкина)
a Страна RU
c Дата составления 20221024
g Правила каталогизации PSBO
801 Источник записи _1
b Организация Муниципальное бюджетное учреждение культуры "Централизованная библиотечная система" г. Сургут (Центральная городская библиотека им. А. С. Пушкина)
a Страна RU
c Дата составления 20221024
g Правила каталогизации PSBO
852 Данные о местонахождении __
i Авторский знак М 69
j Шифр хранения 84(2=411.2)6-4я04
900 Макрообъекты __
a Макрообъекты Островитяне. Михеева, Т., 2020
901 Тип документа __
a Ответственный КиК/Лукашук
t Тип документа 0
903 Характеристики (МАРС) __
a Дата передачи 20221024
c Наименование библиотеки (МАРС) Муниципальное бюджетное учреждение культуры "Централизованная библиотечная система" г. Сургут (Центральная городская библиотека им. А. С. Пушкина)
969 Тип издания __
a Тип издания издание для детей
a Тип издания издание для подростков
a Тип издания издание для слепых
a Тип издания аудиокнига
990 Данные о заказе (DOS) __
j Количество экземпляров (DOS) 1
t N записи в КСУ для И/У (DOS) 202211